Tributación en América Latina: en busca de una nueva agenda de reformas
Đã lưu trong:
| Những tác giả chính: | , |
|---|---|
| Định dạng: | Sách |
| Ngôn ngữ: | Tiếng Tây Ban Nha |
| Được phát hành: |
Santiago
CEPAL
2006
|
| Phiên bản: | 1a. ed |
| Loạt: | Libros de la CEPAL, 93
|
| Những chủ đề: | |
| Các nhãn: |
Thêm thẻ
Không có thẻ, Là người đầu tiên thẻ bản ghi này!
|
MARC
| LEADER | 00000nam a2200000 a 4500 | ||
|---|---|---|---|
| 001 | UCI0027 | ||
| 003 | CL-VaPUC | ||
| 008 | 070420e20060000CL |||||||||||||||||spa|d | ||
| 020 | |a 9213229658 | ||
| 082 | 0 | 4 | |a 343.032 |b CET |2 21 |
| 100 | 0 | |a Cetrángolo, Oscar |e author |9 520093 | |
| 700 | |a Gómez Sabaini, Juan Carlos |e author |9 593179 | ||
| 245 | 1 | 0 | |a Tributación en América Latina: en busca de una nueva agenda de reformas |
| 250 | |a 1a. ed | ||
| 300 | |a 160 p | ||
| 942 | |c BK | ||
| 945 | |d 20070420 00:00:00 |a cmena | ||
| 260 | |a Santiago |b CEPAL |c 2006 | ||
| 650 | 0 | |a Derecho tributario |9 258895 | |
| 650 | 0 | |a Política monetaria |9 258279 | |
| 650 | 0 | |a Política gubernamental |9 262286 | |
| 650 | 7 | |a IVA |2 CL-VaPUC |9 373996 | |
| 650 | 0 | |a Reforma tributaria |9 337444 | |
| 651 | 0 | |a América Latina |9 255027 | |
| 583 | |a last modification |c 20130304 01:51:14 |k Rodrigo Vera | ||
| 490 | 0 | |a Libros de la CEPAL, 93 | |
| 999 | |c 325324 |d 325322 | ||
| 952 | |0 0 |1 0 |4 0 |6 343_032000000000000_CET_2006 |7 0 |8 A |9 406051 |a BIBGIM |b BIBGIM |d 2019-11-22 |i 4326067 |o 343.032 CET 2006 |p 4326067 |r 2025-01-15 |w 2019-11-22 |y BK |k COM | ||